| 000 | 00682nam a2200205 i 4500 | ||
|---|---|---|---|
| 001 | 171499 | ||
| 003 | ES-MaACL | ||
| 005 | 20250807235855.0 | ||
| 008 | 090519s1974 sp |||| | spa d | ||
| 017 | _aM 23271-1974 | ||
| 020 | _a84-220-0685-5 | ||
| 100 | 0 |
_aPozo, Cándido. _993534 |
|
| 245 | 1 | 0 |
_aMaría en la obra de la salvación / _cpor Cándido Pozo. |
| 260 |
_aMadrid : _bLa Editorial Católica, _c1974. |
||
| 300 |
_aXX, 417 p. ; _c20 cm. |
||
| 490 | 1 |
_aBiblioteca de autores cristianos ; _v360. _aHistoria Salutis |
|
| 830 | 0 | 0 |
_aBiblioteca de autores cristianos. _pHistoria salutis _v360. _9178685 |
| 852 |
_aES-MaACL _jJ-353 _9R.46092 |
||
| 999 |
_c171499 _d171499 |
||